[Event "Titled Tuesday intern op 07th May Early"]
[Site "Chess.com INT"]
[Date "2024.05.07"]
[Round "2"]
[White "Kuznecova, Marija"]
[Black "Khamboo, Monalisa"]
[Result "1-0"]
[WhiteElo "2085"]
[BlackElo "1796"]
[PlyCount "157"]
[EventDate "2024.05.07"]
[EventType "swiss (blitz)"]
[EventRounds "11"]
[EventCountry "USA"]
[SourceTitle "EXT 2025"]
[Source "ChessBase"]
[SourceDate "2024.10.14"]
[SourceVersion "1"]
[SourceVersionDate "2024.10.14"]
[SourceQuality "1"]

1. e4 c5 2. Nf3 Nc6 3. d4 cxd4 4. Nxd4 g6 5. Nc3 Bg7 6. Be3 Nf6 7. Bc4 0-0 8. Bb3 Re8 9. f3 e6 10. Qd2 d5 11. exd5 Nxd5 12. Nxd5 exd5 13. 0-0-0 Rxe3 14. Nxc6 Qe8 15. Nb4 Bh6 16. Nxd5 Kg7 17. Kb1 Re2 18. Qc3+ Qe5 19. Qxe5+ Rxe5 20. Nc7 Rb8 21. Rd8 Rc5 22. Nd5 Bg5 23. Re8 b5 24. h4 Bf6 25. g4 Rb7 26. g5 Bd4 27. c3 Bf2 28. Nf6 Bf5+ 29. Bc2 Rc8 30. Bxf5 Rxe8 31. Nxe8+ Kf8 32. Nd6 Rb6 33. Nc8 Rb8 34. Bh3 Bxh4 35. f4 Bg3 36. Rf1 Kg7 37. Rf3 Bh4 38. Nd6 h6 39. gxh6+ Kxh6 40. Nxf7+ Kg7 41. Ne5 Rf8 42. Rf1 Bg3 43. Nxg6 Kxg6 44. Rg1 Rxf4 45. Rxg3+ Kf6 46. Kc2 Rf2+ 47. Kb3 a5 48. Rg2 Rf3 49. Bg4 Rf4 50. Be2 b4 51. cxb4 axb4 52. a3 bxa3 53. bxa3 Ke5 54. a4 Kd6 55. Bc4 Kc5 56. Rc2 Kb6 57. Re2 Ka5 58. Re5+ Kb6 59. Kb4 Rd4 60. Re6+ Ka7 61. a5 Rd7 62. Ra6+ Kb7 63. Rb6+ Ka7 64. Kb5 Rd1 65. Kc6 Rc1 66. Rb7+ Ka8 67. Rb4 Ka7 68. a6 Rb1 69. Rxb1 Ka8 70. Kc7 Ka7 71. Kc6 Ka8 72. Rb6 Ka7 73. Rb7+ Ka8 74. Rh7 Kb8 75. a7+ Ka8 76. Rh8+ Kxa7 77. Kc5 Kb7 78. Bd5+ Ka6 79. Ra8# 1-0

[Event "Titled Tuesday intern op 07th May Early"]
[Site "Chess.com INT"]
[Date "2024.05.07"]
[Round "1"]
[White "Tristan, Leonardo"]
[Black "Kuznecova, Marija"]
[Result "1-0"]
[WhiteElo "2530"]
[BlackElo "2085"]
[PlyCount "122"]
[EventDate "2024.05.07"]
[EventType "swiss (blitz)"]
[EventRounds "11"]
[EventCountry "USA"]
[SourceTitle "EXT 2025"]
[Source "ChessBase"]
[SourceDate "2024.10.14"]
[SourceVersion "1"]
[SourceVersionDate "2024.10.14"]
[SourceQuality "1"]

1. d4 Nf6 2. Nf3 c5 3. c3 d5 4. Bf4 e6 5. e3 Bd6 6. Bb5+ Nc6 7. Bg3 0-0 8. Nbd2 a6 9. Bxc6 bxc6 10. Qa4 Bb7 11. Bxd6 Qxd6 12. Qa3 Nd7 13. Nb3 a5 14. Nxc5 Nxc5 15. Qxc5 Qc7 16. 0-0 Ba6 17. Rfc1 Rfb8 18. b3 a4 19. Ne5 axb3 20. axb3 Rxb3 21. Qxc6 Qxc6 22. Nxc6 Bb7 23. Rxa8+ Bxa8 24. Nb4 Kf8 25. Kf1 Ke7 26. Ke2 Kd6 27. Kd2 Rb2+ 28. Rc2 Rb1 29. Ra2 Bb7 30. Nd3 Bc6 31. Ra6 Kc7 32. Ra7+ Kd6 33. Rxf7 Bb5 34. Nc5 Rb2+ 35. Kc1 Re2 36. Kd1 Rb2 37. h4 Be8 38. Rxg7 Rxf2 39. g4 Rg2 40. g5 Bh5+ 41. Kc1 Bg6 42. Rd7+ Kc6 43. Re7 Rc2+ 44. Kd1 Rxc3 45. Kd2 Rc2+ 46. Kd1 Rh2 47. Rxe6+ Kb5 48. Re5 Kc4 49. Ne6 Rxh4 50. Nf4 Be4 51. Re7 Rh2 52. Rc7+ Kb3 53. Rc5 Rh1+ 54. Ke2 Rh2+ 55. Kf1 Bf3 56. Nxd5 Bxd5 57. Rxd5 Kc4 58. Re5 Rd2 59. Re7 Kd3 60. d5 Kc4 61. e4 Kc5 1-0

[Event "Titled Tuesday intern op 09th Apr Early"]
[Site "Chess.com INT"]
[Date "2024.04.09"]
[Round "5"]
[White "Al Tarbosh, Ward"]
[Black "Kuznecova, Marija"]
[Result "1-0"]
[WhiteElo "2262"]
[BlackElo "2082"]
[PlyCount "103"]
[EventDate "2024.04.09"]
[EventType "swiss (blitz)"]
[EventRounds "11"]
[EventCountry "USA"]
[SourceTitle "EXT 2025"]
[Source "ChessBase"]
[SourceDate "2024.10.14"]
[SourceVersion "1"]
[SourceVersionDate "2024.10.14"]
[SourceQuality "1"]

1. e4 c5 2. Nf3 d6 3. d4 cxd4 4. Nxd4 Nf6 5. Nc3 a6 6. h3 e5 7. Nde2 h5 8. Bg5 Be6 9. g3 Be7 10. Bg2 Nbd7 11. a4 0-0 12. 0-0 Rc8 13. b3 Qb6 14. a5 Qc6 15. f4 exf4 16. gxf4 Qc5+ 17. Kh1 Nb8 18. f5 Bd7 19. b4 Qc4 20. Bxf6 Bxf6 21. Nd5 Bxa1 22. c3 Rce8 23. f6 g6 24. Qd2 Kh7 25. Rxa1 Bc6 26. Nef4 Bxd5 27. Nxd5 Nc6 28. Rf1 Rxe4 29. Nb6 Qe6 30. Bxe4 Qxe4+ 31. Qg2 Re8 32. Nd5 Re5 33. Nf4 Qxg2+ 34. Kxg2 Re3 35. Nd5 Rd3 36. c4 Ne5 37. Rf4 g5 38. Re4 Kg6 39. h4 g4 40. Nf4+ Kf5 41. Rxe5+ dxe5 42. Nxd3 Kxf6 43. Nc5 Kf5 44. Nxb7 e4 45. Nd6+ Ke5 46. Nxf7+ Kd4 47. Nd6 e3 48. Nf5+ Kxc4 49. Nxe3+ Kxb4 50. Nxg4 Kxa5 51. Ne3 Kb4 52. Kf3 1-0